Szezonzáró esemény (rendezvényszervezés)

Bibliográfiai részletek
Szerző: Irházi Kevin Noé
További közreműködők: Schablik Dr. Vilmos
Dokumentumtípus: Projektmunka
Kulcsszavak:rendezvény(ek)
rendezvényszervezés
trendek
vállalati szakmai rendezvények
vállalati szervezés
Online Access:http://dolgozattar.uni-bge.hu/59881

MARC

LEADER 00000nnm a2200000 i 4500
001 dolg59881
005 20260409145708.0
008 260409suuuu hu o 000 hun d
040 |a BGE Dolgozattár Repozitórium  |b hun 
041 |a hu 
100 1 |a Irházi Kevin Noé 
245 1 0 |a Szezonzáró esemény (rendezvényszervezés)  |c Irházi Kevin Noé  |h [elektronikus dokumentum] 
516 |a Project_work 
520 3 |a Az üdítőipari vállalat, amely minden évben több nagyszabású vállalati rendezvényt szervez munkavállalói és partnerei számára, amit most idén is megrendezett. A témaválasztás indoklása, hogy egy 350 fős évzáró rendezvény előkészítésének és lebonyolításának bemutatásával rávilágítsunk a rendezvényszervezés összetett folyamatára és kihívásaira. A vállalati rendezvények – mint amilyen egy üdítő/snack ipari nagyvállalat szezonzáró eseménye is, fontos szerepet játszanak a szervezeti kultúra erősítésében, a munkavállalói motivációban és ezek mellett egy hasonló eseményen vagy konferencián a partnerkapcsolatok ápolásában is nagy szerepet tölthet be. Célkitűzésünk ennek a rendezvénynek az elemzése, különös tekintettel a szervezési folyamatokra, valamint annak vizsgálata, hogy a szakirodalomban leírt rendezvényszervezési modellek és trendek hogyan jelennek meg a gyakorlatban. 
695 |a rendezvény(ek) 
695 |a rendezvényszervezés 
695 |a trendek 
695 |a vállalati szakmai rendezvények 
695 |a vállalati szervezés 
700 1 |a Schablik Dr. Vilmos  |e ths 
856 4 0 |u http://dolgozattar.uni-bge.hu/59881/1/Szezonz%C3%A1r%C3%B3%20esem%C3%A9ny.pdf  |z Dokumentum-elérés 
856 4 0 |u http://dolgozattar.uni-bge.hu/59881/2/Irh%C3%A1ziKevin_FOSZK_b%C3%ADr%C3%A1lat.pdf  |z Dokumentum-elérés